00203nam a2200073Ia 4500082001500000245001900015100005400034008004100088 aLP EF ANDR 0aApril shadows  a ANDREWS, Virginia Bath, 2009 Large print ed 210817s9999 xx 000 0 und d